Normal view
MARC view
Entry Personal Name
001 - CONTROL NUMBER
- control field: 14994
003 - CONTROL NUMBER IDENTIFIER
- control field: OSt
005 - DATE AND TIME OF LATEST TRANSACTION
- control field: 20211001122718.0
008 - FIXED-LENGTH DATA ELEMENTS
- fixed length control field: 211001|| aca||aabn | a|a d
040 ## - CATALOGING SOURCE
- Original cataloging agency: OSt
- Transcribing agency: OSt
100 ## - HEADING--PERSONAL NAME
- Personal name: Leder,Philip; Clayton,David A.; Rubenstein,Edward;
- Dates associated with a name: 1924-
670 ## - SOURCE DATA FOUND
- Source citation: Work cat.: (OSt): Leder,Philip; Clayton,David A.; Rubenstein,Edward; 1924-, Scientific American., 1994.
